00798cam a2200253 a 4500001000800000005001700008008004100025010001700066020002500083020003100108040001800139041000800157043001200165080001800177082002200195100000700217101000800224245007000232504005100302906004500353942001200398999001700410952011700427422516820180117042847.0820811s1982 dcua b 001 0 eng  a 82047983  a0801829186 :c$18.00 a0801829194 (pbk.) :c$6.95 aDLCcDLCdDLC aeng an-us--- a333.70973 PRI00a333.70973 PRI219 a19 aPOL00aRegional conflict and national policy /cedited by Kent A. Price. aIncludes bibliographical references and index. a7bcbccorignewd1eocipf19gy-gencatlg 2ddccBK c40429d40429 00102udc40708PËKGa002b002cPËKGd2018-01-17l0o333.70973 PRIp002-2995625r2018-01-17w2018-01-17yBK